000 00472nam a22001697a 4500
005 20211009122124.0
008 211009b ||||| |||| 00| 0 eng d
040 _aIN-DiNC
_cIN-DiNC
041 _dasm
082 _a954.162
_bGOS
100 _aGoswami, Kesavananda Dev
_eauthor
245 _aEri oha gaon/
_cby Kesavananda Dev Goswami
260 _aGuwahati:
_bPublication Board Assam,
_c2012
300 _a155p.
650 _aCultural history of Assam
942 _2ddc
_cBK
999 _c11205
_d11205